Practical gynecologic oncology / (Record no. 10419)

000 -LEADER
fixed length control field 01155cam a22003134a 4500
001 - CONTROL NUMBER
control field 11836150
005 - DATE AND TIME OF LATEST TRANSACTION
control field 20160208185419.0
008 - FIXED-LENGTH DATA ELEMENTS--GENERAL INFORMATION
fixed length control field 991105s2000 paua b 001|0 eng c
010 ## - LIBRARY OF CONGRESS CONTROL NUMBER
LC control number 99057484
020 ## - INTERNATIONAL STANDARD BOOK NUMBER
International Standard Book Number 0683307193
035 ## - SYSTEM CONTROL NUMBER
System control number (DNLM)100899938
040 ## - CATALOGING SOURCE
Original cataloging agency DNLM/DLC
Transcribing agency LCC
Modifying agency LCC
042 ## - AUTHENTICATION CODE
Authentication code pcc
050 00 - LIBRARY OF CONGRESS CALL NUMBER
Classification number RC280.G5
Item number P73 2000
060 10 - NATIONAL LIBRARY OF MEDICINE CALL NUMBER
Classification number WP 145
Item number P895 2000
082 00 - DEWEY DECIMAL CLASSIFICATION NUMBER
Classification number 616.99/465
Edition number 21
245 00 - TITLE STATEMENT
Title Practical gynecologic oncology /
Statement of responsibility, etc. [edited by] Jonathan S. Berek, Neville F. Hacker ; illustrations by Timothy Hengst.
250 ## - EDITION STATEMENT
Edition statement 3rd ed.
260 ## - PUBLICATION, DISTRIBUTION, ETC. (IMPRINT)
Place of publication, distribution, etc. Philadelphia :
Name of publisher, distributor, etc. Lippincott Williams & Wilkins,
Date of publication, distribution, etc. c2000.
300 ## - PHYSICAL DESCRIPTION
Extent xix, 937 p. :
Other physical details ill. (some col.) ;
Dimensions 29 cm.
504 ## - BIBLIOGRAPHY, ETC. NOTE
Bibliography, etc Includes bibliographical references and index.
650 #0 - SUBJECT ADDED ENTRY--TOPICAL TERM
Topical term or geographic name as entry element Generative organs, Female
General subdivision Cancer.
650 12 - SUBJECT ADDED ENTRY--TOPICAL TERM
Topical term or geographic name as entry element Genital Neoplasms, Female.
700 1# - ADDED ENTRY--PERSONAL NAME
Personal name Berek, Jonathan S.
700 1# - ADDED ENTRY--PERSONAL NAME
Personal name Hacker, Neville F.
906 ## - LOCAL DATA ELEMENT F, LDF (RLIN)
a 7
b cbc
c orignew
d 1
e ocip
f 19
g y-gencatlg
942 ## - ADDED ENTRY ELEMENTS (KOHA)
Source of classification or shelving scheme
Koha item type Hard Covered Materials
Holdings
Withdrawn status Lost status Source of classification or shelving scheme Damaged status Not for loan Home library Current library Date acquired Source of acquisition Total Checkouts Full call number Barcode Date last seen Price effective from Koha item type
          MACHAKOS UNIVERSITY LIBRARY MACHAKOS UNIVERSITY LIBRARY 05/12/2015 DONATION (BFA)   SPE RC 280 .G5P73 2000 19541 05/12/2015 05/12/2015 Hard Covered Materials
© Machakos University Library, Along The Highway, Machakos Wote Rd, Machakos, Kenya P.O. Box 136 - 90100 Machakos - Kenya

Tel: ( +254 ) 723 805829 OR Fax : 044-20353 OR Email: library@mksu.ac.ke